Czy rozpoznasz język po nazwisku z tego kraju? - Statystyki

Ogólne statystyki
  • Ten quiz został rozwiązany 700 razy
  • Średni wynik to 12 z 19
Statystyki odpowiedzi
Nazwisko Język % Poprawnych
Kowalski Polski
100%
Smith Angielski
97%
Schmied Niemiecki
94%
スミス Japoński
93%
Ковальской Rosyjski
93%
工匠 Chiński
89%
herrero Hiszpański
87%
كوالسكي Arabski
83%
fabbro Włoski
72%
forgeron Francuski
65%
σιδηρουργός Grecki
64%
kovář Czeski
60%
demirci Turecki
54%
ковалски Serbski
41%
कोवालास्की Hindi
37%
קובלסקי Hebrajski
31%
fierar Rumuński
29%
کوالسکی Perski
23%
סמיט Jidysz
8%
Nie znaleziono quizów pasujących do podanych kryteriów
Rozkład punktacji
Procent ludzi z każdym wynikiem
Percentyl według liczby udzielonych odpowiedzi
Twoja historia wyników
Nie rozwiązałeś tego quizu